Statistics for UK Cities by Clue

Click here to take the quiz!

General Stats

  • This quiz has been taken 93 times
  • The average score is 12 of 16

Answer Stats

ClueCity% Correct
Biggest City, Canary Wharf, BeefeatersLondon
100%
Old Trafford, Coronation Street, CottonManchester
92%
Geordies, Tyne River, Toon ArmyNewcastle
90%
Robin Hood, Trent River, Queen of the MidlandsNottingham
89%
Titanic, Stormont, The TroublesBelfast
88%
University City, River Cam, King's CollegeCambridge
87%
Channel Tunnel, White Cliffs, Large PortDover
87%
Royal Pavillion, Famous Pier, South CoastBrighton
82%
Moray Firth, Loch Ness, Capital of the HighlandsInverness
80%
Pleasure Beach, Tower, Donkey RidesBlackpool
74%
Clifton Suspension Bridge, River Avon, Cabot CircusBristol
63%
School of Art, River Clyde, ShipbuildingGlasgow
62%
Tees Valley, Dorman Museum, 'boroMiddlesbrough
62%
The Foxes, Showaddywaddy, HighcrossLeicester
53%
Gower Peninsula, The Mumbles, River TaweSwansea
48%
Big in U.S., The Wash, Brexit HeartlandBoston
19%

Score Distribution

Percentile by Number Answered

Percent of People with Each Score

Your Score History

You have not taken this quiz